000
00315nam a22001337a 4500
008
180927b xxu||||| |||| 00| 0 eng d
020
_a
8800006614476
041
_a
eng
080
_a
2
100
_a
24
101
_a
TEO
245
_a
When Jesum came, the Corn Mothers went away
_c
Gutierrez, R.A
942
_2
udc
_c
BK
999
_c
48582
_d
48582